[Event "British Chess Championships 2023: U12 Championship"]
[Site "The Venue, De Montfort University, 20 Western Boulevard, Leicester, LE2 7BU"]
[Date "2023.07.28"]
[Round "6"]
[Board "16"]
[White "Ding, Yiwen"]
[Black "Calvert, George"]
[Result "1-0"]
[WhiteElo "1511"]
[BlackElo "1345"]
[PlyCount "113"]
[EventDate "2023.07.25"]
[EventRounds "7"]
[EventCountry "ENG"]

1. d4 d5 2. c4 c6 3. cxd5 cxd5 4. Nc3 Bf5 5. Qb3 e6 6. Qxb7 Nd7 7. Bf4 Ngf6 8. a3
a6 9. Bc7 Qc8 10. Qxc8+ Rxc8 11. Bf4 Be7 12. e3 Rc6 13. Nf3 O-O 14. Be2 Ne4 15. Nxe4
Bxe4 16. b4 Rfc8 17. O-O Nb6 18. Bxa6 Rd8 19. Rac1 Rxc1 20. Rxc1 Ra8 21. b5 Bxa3
22. Rc6 Na4 23. Bb7 Rf8 24. Ra6 Bc2 25. b6 Bb4 26. Bc6 Nxb6 27. Rxb6 Ba5 28. Rb5
Bd8 29. Bd6 Ba4 30. Rc5 Bb6 31. Bxf8 Bxc5 32. dxc5 Bxc6 33. Bd6 f6 34. Nd4 Bd7 35.
c6 Bc8 36. c7 Kf7 37. Nc6 Ke8 38. Na7 Kd7 39. Nxc8 Kxc8 40. f4 f5 41. Be5 Kd7 42.
Kf2 Kc8 43. h3 h5 44. Kg3 g6 45. Kh4 Kd7 46. Kg5 Kc8 47. Kxg6 h4 48. Kf6 Kd7 49.
Kf7 Kc8 50. Kxe6 d4 51. exd4 Kb7 52. Kd7 Kb6 53. c8=Q Kb5 54. Qc5+ Ka6 55. Bc7 Kb7
56. Qb6+ Ka8 57. Qa6#  1-0

[Event "British Chess Championships 2023: U12 Championship"]
[Site "The Venue, De Montfort University, 20 Western Boulevard, Leicester, LE2 7BU"]
[Date "2023.07.28"]
[Round "6"]
[Board "17"]
[White "Fang, Brandon Jun Qiao"]
[Black "Pandya, Dhairya"]
[Result "0-1"]
[WhiteElo "1404"]
[BlackElo "1569"]
[PlyCount "102"]
[EventDate "2023.07.25"]
[EventRounds "7"]
[EventCountry "ENG"]

1. c4 c5 2. Nc3 Nc6 3. Nf3 Nf6 4. e4 e5 5. g3 g6 6. Bg2 Bg7 7. O-O O-O 8. d3 d6 9.
Bg5 h6 10. Bxf6 Bxf6 11. Ne1 Bg7 12. a3 a6 13. f4 exf4 14. gxf4 f5 15. exf5 Bxf5
16. Bd5+ Kh7 17. Be4 Qh4 18. Ng2 Qh3 19. Qf3 Nd4 20. Qxh3 Bxh3 21. Rab1 Rab8 22.
Rf2 Ne6 23. Kh1 Bd4 24. Rf3 Bxg2+ 25. Kxg2 Nxf4+ 26. Kh1 b5 27. cxb5 axb5 28. Rbf1
Be5 29. Nd5 Ne6 30. Rf7+ Bg7 31. Ne7 Rxf7 32. Bxg6+ Kh8 33. Bxf7 Ng5 34. b4 Rb7 35.
h4 Rxe7 36. hxg5 hxg5 37. bxc5 dxc5 38. Bg6 Ra7 39. Rb1 Rb7 40. Re1 Bb2 41. Re8+
Kg7 42. Be4 Rb6 43. Ra8 Bd4 44. a4 b4 45. a5 b3 46. axb6 b2 47. b7 b1=Q+ 48. Kg2
Qg1+ 49. Kf3 Qf2+ 50. Kg4 Qf4+ 51. Kh3 g4+  0-1

[Event "British Chess Championships 2023: U12 Championship"]
[Site "The Venue, De Montfort University, 20 Western Boulevard, Leicester, LE2 7BU"]
[Date "2023.07.28"]
[Round "6"]
[Board "18"]
[White "Gupta, Aditya"]
[Black "Chandrashekhar, Druha"]
[Result "0-1"]
[WhiteElo "1393"]
[BlackElo "1516"]
[PlyCount "118"]
[EventDate "2023.07.25"]
[EventRounds "7"]
[EventCountry "ENG"]

1. e4 e5 2. Nf3 d6 3. d4 Bg4 4. dxe5 Nd7 5. exd6 Bxd6 6. Be2 Qe7 7. Nc3 O-O-O 8.
h3 Bh5 9. Nd4 Bg6 10. Bd3 Ngf6 11. Qe2 Bb4 12. f3 Qc5 13. Ndb5 a6 14. Be3 Qe7 15.
Nd4 Nc5 16. Qd2 Na4 17. Rb1 c5 18. Qe2 cxd4 19. Bxd4 Rxd4 20. Qe3 Rhd8 21. O-O Nxc3
22. bxc3 Rxd3 23. cxd3 Bxc3 24. Rfc1 Kb8 25. Qe2 Bd4+ 26. Kh1 Nh5 27. Qc2 Qe5 28.
Rxb7+ Kxb7 29. Qc6+ Ka7 30. g4 Ng3+ 31. Kg2 Ne2 32. Qc7+ Qxc7 33. Rxc7+ Kb6 34. Rc6+
Kxc6 35. Kf1 Nc1 36. Ke1 Nxd3+ 37. Kd2 Ne5 38. a4 Nxf3+ 39. Ke2 Ng1+ 40. Kf1 Nxh3
41. a5 Kb5 42. g5 Bf6 43. gxf6 gxf6 44. e5 Nf2 45. Kxf2 fxe5 46. Ke3 Be4 47. Kxe4
Kxa5 48. Kxe5 f6+ 49. Kxf6 h5 50. Kg5 h4 51. Kxh4 Kb4 52. Kg3 a5 53. Kf3 a4 54. Ke3
a3 55. Ke2 a2 56. Ke1 a1=Q+ 57. Kf2 Qc3 58. Kf1 Qc2 59. Kg1 Rd1#  0-1

[Event "British Chess Championships 2023: U12 Championship"]
[Site "The Venue, De Montfort University, 20 Western Boulevard, Leicester, LE2 7BU"]
[Date "2023.07.28"]
[Round "6"]
[Board "19"]
[White "Konara, Seha"]
[Black "Blin, Henri"]
[Result "1/2-1/2"]
[WhiteElo "1218"]
[BlackElo "1211"]
[PlyCount "69"]
[EventDate "2023.07.25"]
[EventRounds "7"]
[EventCountry "ENG"]

1. e4 c5 2. Nf3 d6 3. d4 cxd4 4. Nxd4 Nf6 5. Nc3 g6 6. f3 Bg7 7. Be3 O-O 8. Qd2 Nc6
9. g4 Bd7 10. h4 Ne5 11. O-O-O a6 12. h5 b5 13. hxg6 fxg6 14. Bh6 Rf7 15. Be2 Qf8
16. Nd5 Bxh6 17. Rxh6 Nxd5 18. exd5 Rg7 19. Rg1 Rf7 20. Rgh1 Rg7 21. R6h4 Rc8 22.
f4 Nc4 23. Bxc4 Rxc4 24. b3 Rc5 25. Ne6 Bxe6 26. dxe6 Qf6 27. Kb1 Qxe6 28. Re1 Qf6
29. Rh2 Rf7 30. Rf2 Qc3 31. Qxc3 Rxc3 32. f5 Rg3 33. Re4 Kf8 34. Ref4 Rf6 35. fxg6
 1/2-1/2

[Event "British Chess Championships 2023: U12 Championship"]
[Site "The Venue, De Montfort University, 20 Western Boulevard, Leicester, LE2 7BU"]
[Date "2023.07.28"]
[Round "6"]
[Board "20"]
[White "Nilim, Armaan"]
[Black "Rughani, Mahin"]
[Result "0-1"]
[WhiteElo "1351"]
[BlackElo "1687"]
[PlyCount "40"]
[EventDate "2023.07.25"]
[EventRounds "7"]
[EventCountry "ENG"]

1. c4 d6 2. Nc3 Nf6 3. g3 c6 4. Bg2 e5 5. e4 Nbd7 6. d4 Be7 7. Nge2 Qc7 8. b3 h6
9. Bb2 a5 10. Rc1 Nb6 11. d5 Nbd7 12. O-O O-O 13. f4 Ng4 14. Qe1 Qb6+ 15. Kh1 Nc5
16. Rf3 Nf6 17. Ng1 Bg4 18. Re3 a4 19. Qd2 axb3 20. f5 bxa2  0-1

[Event "British Chess Championships 2023: U12 Championship"]
[Site "The Venue, De Montfort University, 20 Western Boulevard, Leicester, LE2 7BU"]
[Date "2023.07.28"]
[Round "6"]
[Board "21"]
[White "Volovich, Andrew"]
[Black "Gomez, Hal"]
[Result "0-1"]
[WhiteElo "1373"]
[BlackElo "1305"]
[PlyCount "126"]
[EventDate "2023.07.25"]
[EventRounds "7"]
[EventCountry "ENG"]

1. e4 c5 2. Nf3 d6 3. d4 cxd4 4. Nxd4 Nf6 5. Nc3 g6 6. Be3 Bg7 7. Bc4 Nbd7 8. O-O
O-O 9. Re1 Nb6 10. Bb3 Bd7 11. Qd2 Rc8 12. f3 Nc4 13. Bxc4 Rxc4 14. Ncb5 a6 15. Na3
Rc8 16. c3 b5 17. Nac2 Qc7 18. Bf2 Ra8 19. Kh1 Rfd8 20. Bg3 e5 21. Ne2 Be6 22. Qe3
Nh5 23. Bf2 Rab8 24. Ng3 Nf4 25. Ne2 Nxe2 26. Rxe2 h5 27. Nb4 Qb7 28. Rd1 Kh7 29.
Red2 Bh6 30. Qa7 Bxd2 31. Rxd2 Qxa7 32. Bxa7 Rb7 33. Be3 Rdd7 34. a3 a5 35. Nd3 f5
36. Bg5 fxe4 37. fxe4 Bc4 38. Ne1 b4 39. cxb4 axb4 40. axb4 Rxb4 41. Nf3 Be6 42.
Re2 Bg4 43. Re3 Rxb2 44. Ng1 Rb1 45. h3 Be6 46. Kh2 Rb3 47. Re2 Bc4 48. Re1 d5 49.
exd5 Bxd5 50. Rxe5 Rb2 51. Re2 Rxe2 52. Nxe2 Rc7 53. h4 Kg7 54. Nf4 Ba2 55. Kg3 Kf7
56. Kh2 Rc6 57. Kg3 Ke8 58. Nd3 Rc3 59. Kf4 Rxd3 60. Ke4 Rg3 61. Ke5 Kf7 62. Bf6
Rxg2 63. Bg5 Rxg5+  0-1

[Event "British Chess Championships 2023: U12 Championship"]
[Site "The Venue, De Montfort University, 20 Western Boulevard, Leicester, LE2 7BU"]
[Date "2023.07.28"]
[Round "6"]
[Board "22"]
[White "Sisupalan, Beni"]
[Black "Tomy, Judith"]
[Result "1-0"]
[WhiteElo "1476"]
[BlackElo "1291"]
[PlyCount "129"]
[EventDate "2023.07.25"]
[EventRounds "7"]
[EventCountry "ENG"]

1. e4 e5 2. Nf3 Nc6 3. Bc4 Be7 4. Nc3 Nf6 5. d3 d6 6. O-O Na5 7. Bb3 Bg4 8. h3 Bh5
9. Be3 c6 10. d4 exd4 11. Bxd4 Nxb3 12. axb3 O-O 13. Qd3 Bg6 14. Qe3 d5 15. exd5
cxd5 16. Qd2 Ne4 17. Nxe4 dxe4 18. Ne5 Bc5 19. Nxg6 fxg6 20. Rfd1 Qe7 21. Bxc5 Qxc5
22. Qd5+ Qxd5 23. Rxd5 Rad8 24. Rad1 Rxd5 25. Rxd5 Rc8 26. c3 b6 27. Kf1 Kf7 28.
Rd7+ Kf6 29. Rxa7 Rd8 30. Ke2 Rd3 31. Rb7 Rd6 32. Rc7 Kf5 33. Rxg7 h5 34. Rf7+ Ke6
35. Rc7 b5 36. Ra7 Rd3 37. Rb7 Rd5 38. Ra7 Rd3 39. Ra1 b4 40. Rd1 bxc3 41. Rxd3 exd3+
42. Kxd3 cxb2 43. Kc2 Kd5 44. Kxb2 Kc5 45. Kc3 g5 46. Kd3 Kb4 47. Ke4 g4 48. hxg4
hxg4 49. Kf4 Kxb3 50. Kxg4 Kc4 51. Kf5 Kd5 52. g4 Kd6 53. Kf6 Kd7 54. Kf7 Kd8 55.
g5 Kd7 56. g6 Kd6 57. g7 Kd5 58. g8=Q Ke5 59. Qg4 Kd6 60. Qd4+ Kc7 61. Ke7 Kc6 62.
Qc4+ Kb6 63. Kd7 Ka5 64. Qb3 Ka6 65. Kc6  1-0

[Event "British Chess Championships 2023: U12 Championship"]
[Site "The Venue, De Montfort University, 20 Western Boulevard, Leicester, LE2 7BU"]
[Date "2023.07.28"]
[Round "6"]
[Board "23"]
[White "Sui, Yueyue"]
[Black "Murthy, Arush Ajai"]
[Result "1-0"]
[WhiteElo "1512"]
[BlackElo "1178"]
[PlyCount "81"]
[EventDate "2023.07.25"]
[EventRounds "7"]
[EventCountry "ENG"]

1. d4 Nf6 2. c4 g6 3. Nc3 d5 4. cxd5 Nxd5 5. e4 Nxc3 6. bxc3 Bg7 7. Nf3 O-O 8. Bc4
c5 9. h3 Nc6 10. Be3 Re8 11. O-O cxd4 12. cxd4 a6 13. Rc1 b5 14. Bd5 Rb8 15. Bxc6
Bd7 16. Bxd7 Qxd7 17. Qd2 e5 18. dxe5 Qxd2 19. Bxd2 Rbc8 20. Rxc8 Rxc8 21. Rc1 Rd8
22. Be3 Re8 23. Kf1 Bxe5 24. Nxe5 Rxe5 25. Rc8+ Kg7 26. Bd4 f6 27. Bxe5 fxe5 28.
Ra8 h5 29. Rxa6 Kf8 30. Rb6 g5 31. Rxb5 g4 32. a4 gxh3 33. gxh3 Ke7 34. a5 h4 35.
a6 Kd7 36. a7 Kc6 37. Rb3 Kc7 38. a8=Q Kd6 39. Qd5+ Ke7 40. Rb7+ Ke8 41. Qg8#  1-0

[Event "British Chess Championships 2023: U12 Championship"]
[Site "The Venue, De Montfort University, 20 Western Boulevard, Leicester, LE2 7BU"]
[Date "2023.07.28"]
[Round "6"]
[Board "24"]
[White "Merchant, Samuel"]
[Black "Chu, Edward"]
[Result "1-0"]
[WhiteElo "1291"]
[BlackElo "1550"]
[PlyCount "79"]
[EventDate "2023.07.25"]
[EventRounds "7"]
[EventCountry "ENG"]

1. d4 d6 2. Nc3 Nf6 3. e4 g6 4. f4 Bg7 5. Nf3 Nbd7 6. e5 Ng4 7. h3 Nh6 8. Bd3 O-O
9. Bd2 a6 10. Qe2 b5 11. Ng5 Nb6 12. g4 dxe5 13. dxe5 f6 14. exf6 exf6 15. Ne6 Bxe6
16. Qxe6+ Kh8 17. O-O-O b4 18. Ne4 Qd4 19. Qc6 f5 20. c3 Qxd3 21. Nf2 Qd8 22. Qf3
Qb8 23. g5 Nf7 24. h4 bxc3 25. Bxc3 Na4 26. Bxg7+ Kxg7 27. b3 Nc5 28. Qc3+ Kg8 29.
Qxc5 Qe8 30. Rhe1 Qb8 31. Nd3 Rd8 32. Ne5 Nxe5 33. Qxe5 Qb4 34. Qe6+ Kh8 35. Qf6+
Kg8 36. Rxd8+ Rxd8 37. Qxd8+ Kf7 38. Qf6+ Kg8 39. Re8+ Qf8 40. Qxf8#  1-0

[Event "British Chess Championships 2023: U12 Championship"]
[Site "The Venue, De Montfort University, 20 Western Boulevard, Leicester, LE2 7BU"]
[Date "2023.07.28"]
[Round "6"]
[Board "25"]
[White "Ranasinghe, Chaniru"]
[Black "Burgess, Rose"]
[Result "0-1"]
[WhiteElo "1524"]
[BlackElo "1074"]
[PlyCount "110"]
[EventDate "2023.07.25"]
[EventRounds "7"]
[EventCountry "ENG"]

1. d4 d5 2. c4 c6 3. Nc3 Nf6 4. Nf3 dxc4 5. e4 e6 6. Bxc4 Bb4 7. Bg5 h6 8. Bxf6 Qxf6
9. a3 Bxc3+ 10. bxc3 Qg6 11. Qe2 Nd7 12. O-O Nb6 13. Bb3 O-O 14. e5 Nd5 15. Qd2 Qg4
16. h3 Qg6 17. Bc2 f5 18. c4 Ne7 19. Rfd1 Rd8 20. Qb4 Qe8 21. Bb3 a5 22. Qc3 b5 23.
Ra2 a4 24. Bc2 Bb7 25. Bd3 Ba6 26. Rb2 Rdb8 27. Rdb1 Kh8 28. Qb4 bxc4 29. Qxb8 Rxb8
30. Rxb8 Nc8 31. Be2 Bb5 32. d5 exd5 33. Nd4 Kh7 34. Nxb5 cxb5 35. R1xb5 Qxe5 36.
Bxc4 Qe1+ 37. Kh2 dxc4 38. Rxc8 c3 39. Rxf5 Qc1 40. g3 Qxa3 41. Rfc5 Qa2 42. Kg2
a3 43. Rxc3 Qd5+ 44. Kh2 a2 45. Rc1 Qd2 46. R8c2 Qxc2 47. Rxc2 a1=Q 48. Re2 Qf1 49.
Ra2 Kg6 50. Ra6+ Qxa6 51. Kg2 Qc6+ 52. Kh2 Kf5 53. g4+ Kf4 54. Kg1 Kf3 55. Kf1 Qc1#
 0-1

[Event "British Chess Championships 2023: U12 Championship"]
[Site "The Venue, De Montfort University, 20 Western Boulevard, Leicester, LE2 7BU"]
[Date "2023.07.28"]
[Round "6"]
[Board "26"]
[White "Shah, Samuel"]
[Black "Brown, John"]
[Result "1-0"]
[WhiteElo "1074"]
[BlackElo "1486"]
[PlyCount "101"]
[EventDate "2023.07.25"]
[EventRounds "7"]
[EventCountry "ENG"]

1. e4 e5 2. Nf3 Nc6 3. d4 exd4 4. Bc4 d6 5. Nxd4 Qe7 6. O-O g6 7. Nxc6 bxc6 8. Re1
Bg7 9. Nc3 Nf6 10. Bf4 O-O 11. e5 dxe5 12. Bxe5 Qd7 13. Qxd7 Nxd7 14. Bxg7 Kxg7 15.
Rad1 Nb6 16. Bb3 Bb7 17. Re7 Rac8 18. h3 Nd5 19. Nxd5 cxd5 20. Bxd5 Rcd8 21. Bf3
Bxf3 22. Rxd8 Rxd8 23. gxf3 Kf6 24. Rxc7 Rb8 25. b3 a5 26. Ra7 Rc8 27. c4 Rd8 28.
Rxa5 Rd1+ 29. Kg2 Rd2 30. f4 Rd3 31. f3 h6 32. h4 Rd1 33. b4 Rd4 34. Rc5 Rxf4 35.
Kg3 Rd4 36. b5 Rd8 37. b6 Rb8 38. Rb5 Ke6 39. a4 Kd6 40. a5 Kc6 41. Kf4 Kb7 42. Ke5
g5 43. hxg5 h5 44. Kf4 Rc8 45. c5 Ka6 46. b7 Rb8 47. Rb1 Rxb7 48. Rxb7 Kxb7 49. Kg3
Kc6 50. a6 Kc7 51. Kh4  1-0

[Event "British Chess Championships 2023: U12 Championship"]
[Site "The Venue, De Montfort University, 20 Western Boulevard, Leicester, LE2 7BU"]
[Date "2023.07.28"]
[Round "6"]
[Board "27"]
[White "Van Neerven, Yvon"]
[Black "Ding, Yihua"]
[Result "0-1"]
[WhiteElo "1228"]
[BlackElo "977"]
[PlyCount "108"]
[EventDate "2023.07.25"]
[EventRounds "7"]
[EventCountry "ENG"]

1. d4 d5 2. Bf4 e6 3. e3 Nf6 4. Nd2 Bd6 5. Bg3 O-O 6. Ngf3 Nc6 7. c4 b6 8. Qc2 Bb7
9. Be2 h6 10. O-O Bxg3 11. fxg3 a5 12. a3 Ba6 13. Rf2 Ng4 14. Rff1 Nxe3 15. Qc1 Nxf1
16. Qxf1 dxc4 17. Nxc4 Nxd4 18. Rd1 Nxe2+ 19. Kf2 Qf6 20. Qxe2 Rad8 21. Rc1 Bxc4
22. Rxc4 Rd7 23. Rg4 g5 24. Kg1 Rfd8 25. h3 Rd1+ 26. Kh2 Rb1 27. Qc2 Rxb2 28. Qxc7
Rf8 29. Qc1 Rd8 30. Rd4 Rxg2+ 31. Kxg2 Rxd4 32. Nxd4 Qxd4 33. h4 gxh4 34. Qxh6 hxg3
35. Qg5+ Kf8 36. Qh6+ Ke8 37. Kxg3 Qd3+ 38. Kh4 Qe4+ 39. Kg3 Qe5+ 40. Kh4 Qh2+ 41.
Kg5 Qxh6+ 42. Kxh6 Kd7 43. a4 Kd6 44. Kg5 Kd5 45. Kf6 Kd4 46. Kxf7 e5 47. Ke7 e4
48. Kd7 e3 49. Kc6 e2 50. Kxb6 e1=Q 51. Kb5 Qb4+ 52. Ka6 Kc5 53. Ka7 Kc6 54. Ka8
Qb7#  0-1

[Event "British Chess Championships 2023: U12 Championship"]
[Site "The Venue, De Montfort University, 20 Western Boulevard, Leicester, LE2 7BU"]
[Date "2023.07.28"]
[Round "6"]
[Board "28"]
[White "Czarnuch, Dominic"]
[Black "Eccleston, Rowan"]
[Result "0-1"]
[WhiteElo "1209"]
[BlackElo "1028"]
[PlyCount "86"]
[EventDate "2023.07.25"]
[EventRounds "7"]
[EventCountry "ENG"]

1. Nf3 f5 2. d4 Nf6 3. c4 e6 4. g3 Nc6 5. Bg2 Rb8 6. O-O b6 7. Nc3 Bb4 8. Qc2 Ba6
9. b3 Bxc3 10. Qxc3 O-O 11. Bb2 h6 12. Nd2 Ne7 13. e4 Bb7 14. d5 Rf7 15. exf5 exd5
16. Qd3 dxc4 17. Nxc4 Ba6 18. Bh3 d5 19. Rad1 Rf8 20. Qc3 Qe8 21. Ne3 Bxf1 22. Kxf1
Rc8 23. Kg1 Qf7 24. Bg2 Rfd8 25. Qe5 Kf8 26. Ba3 c5 27. b4 Nc6 28. Qb2 cxb4 29. Bxb4+
Nxb4 30. Qxb4+ Kg8 31. Qd4 Rc5 32. f4 Qb7 33. g4 Qe7 34. g5 hxg5 35. fxg5 Ne4 36.
Qxe4 dxe4 37. Re1 Qxg5 38. Kf2 Rd2+ 39. Kg1 Ra5 40. Rc1 Raxa2 41. Rc8+ Kh7 42. Rc3
Ra1+ 43. Nf1 Qxg2#  0-1

[Event "British Chess Championships 2023: U12 Championship"]
[Site "The Venue, De Montfort University, 20 Western Boulevard, Leicester, LE2 7BU"]
[Date "2023.07.28"]
[Round "6"]
[Board "29"]
[White "Hilmi, Sofia"]
[Black "Wang, Yuan Ya"]
[Result "0-1"]
[WhiteElo "1128"]
[BlackElo "1130"]
[PlyCount "62"]
[EventDate "2023.07.25"]
[EventRounds "7"]
[EventCountry "ENG"]

1. e4 e5 2. Nf3 Nc6 3. Bb5 d6 4. h3 Nf6 5. Nc3 Be7 6. d3 O-O 7. Be3 a6 8. Ba4 b5
9. Bb3 Be6 10. O-O Na5 11. Bd5 c6 12. Bb3 Nxb3 13. axb3 d5 14. exd5 cxd5 15. Bd2
e4 16. dxe4 Nxe4 17. Nxe4 dxe4 18. Ne5 Qd6 19. Bc3 Qc7 20. Re1 Rfd8 21. Qe2 b4 22.
Qxe4 bxc3 23. Nc6 cxb2 24. Rab1 Rdc8 25. Nxe7+ Qxe7 26. Rxb2 Qc5 27. g4 Qc3 28. Ra2
Qxh3 29. f3 Qg3+ 30. Kf1 Re8 31. c4 Bxc4+  0-1

[Event "British Chess Championships 2023: U12 Championship"]
[Site "The Venue, De Montfort University, 20 Western Boulevard, Leicester, LE2 7BU"]
[Date "2023.07.28"]
[Round "6"]
[Board "30"]
[White "Ding, Yicheng"]
[Black "Sandhu, Rohan"]
[Result "0-1"]
[WhiteElo "944"]
[BlackElo "926"]
[PlyCount "94"]
[EventDate "2023.07.25"]
[EventRounds "7"]
[EventCountry "ENG"]

1. d4 Nf6 2. c4 g6 3. Nc3 Bg7 4. e4 d6 5. f3 c6 6. Be3 a6 7. a4 Nbd7 8. Bd3 O-O 9.
Qd2 e5 10. d5 c5 11. Bh6 Bxh6 12. Qxh6 Nh5 13. O-O-O Qf6 14. Nh3 Nf4 15. Rhg1 Nxh3
16. Qxh3 Nb6 17. Qh6 Bd7 18. a5 Nc8 19. Be2 Qf4+ 20. Qxf4 exf4 21. g3 fxg3 22. Rxg3
Ne7 23. Bf1 f5 24. Bh3 f4 25. Rg4 Bxg4 26. Bxg4 Rab8 27. Na4 Nc8 28. Rd3 b5 29. cxb5
axb5 30. Bxc8 bxa4 31. Be6+ Kg7 32. b3 Rxb3 33. Rxb3 axb3 34. Kb2 Ra8 35. Kxb3 Rxa5
36. h3 Kf6 37. Bg4 h5 38. Bd7 Ra1 39. Bb5 Rh1 40. Bd7 Rf1 41. Kc4 Rxf3 42. Kb5 Re3
43. Kc6 f3 44. Kxd6 f2 45. Bb5 Rxe4 46. Kxc5 Ke5 47. d6 Rd4  0-1

[Event "British Chess Championships 2023: U12 Championship"]
[Site "The Venue, De Montfort University, 20 Western Boulevard, Leicester, LE2 7BU"]
[Date "2023.07.28"]
[Round "6"]
[Board "31"]
[White "Walsh, Isabella"]
[Black "Paintin, Zac"]
[Result "0-1"]
[WhiteElo "738"]
[BlackElo "1458"]
[PlyCount "160"]
[EventDate "2023.07.25"]
[EventRounds "7"]
[EventCountry "ENG"]

1. e4 c5 2. Nf3 d6 3. Bc4 Nf6 4. d3 g6 5. c3 Bg7 6. Qb3 O-O 7. Be3 Nc6 8. Ng5 Ne5
9. O-O Qb6 10. Nd2 Nxc4 11. Nxc4 Qxb3 12. axb3 Bh6 13. Nf3 Bxe3 14. Nxe3 Ng4 15.
Nd5 e6 16. Ne7+ Kh8 17. Ng5 Bd7 18. h3 Nf6 19. f4 Rae8 20. Nxg6+ hxg6 21. Rxa7 Bb5
22. c4 Bc6 23. e5 dxe5 24. fxe5 Nd7 25. Nxf7+ Kg7 26. Nd6 Rxf1+ 27. Kxf1 Rf8+ 28.
Kg1 Nxe5 29. Nxb7 Bxb7 30. Rxb7+ Kh6 31. Re7 Rf6 32. g4 Kg5 33. Kg2 Kh4 34. Rh7+
Kg5 35. Kg3 Rf3+ 36. Kg2 Rxd3 37. Rb7 Kh4 38. Rb6 Rg3+ 39. Kf2 Nd3+ 40. Ke2 Nxb2
41. Rxe6 Kg5 42. Re5+ Kf6 43. Rxc5 Rxh3 44. g5+ Kg7 45. Rc7+ Kf8 46. b4 Rg3 47. b5
Na4 48. Ra7 Nc5 49. b6 Rb3 50. Ra8+ Kf7 51. Rb8 Ke6 52. Kd2 Kf5 53. Rd8 Ne4+ 54.
Ke2 Rxb6 55. Rd5+ Kf4 56. c5 Rc6 57. Kd3 Rxc5 58. Rxc5 Nxc5+ 59. Kd4 Kxg5 60. Kxc5
Kf4 61. Kd4 g5 62. Kd3 Kf3 63. Kd2 Kf2 64. Kd3 g4 65. Ke4 g3 66. Kd5 g2 67. Ke5 g1=Q
68. Kd4 Qe1 69. Kd5 Kf3 70. Kd4 Qe4+ 71. Kc3 Qd5 72. Kc2 Ke2 73. Kb2 Qc6 74. Kb3
Kd3 75. Kb4 Qc4+ 76. Ka5 Qb3 77. Ka6 Kc4 78. Ka7 Kc5 79. Ka8 Kc6 80. Ka7 Qb7#  0-1

[Event "British Chess Championships 2023: U12 Championship"]
[Site "The Venue, De Montfort University, 20 Western Boulevard, Leicester, LE2 7BU"]
[Date "2023.07.28"]
[Round "6"]
[Board "32"]
[White "Tagg, George"]
[Black "Bedford, Henry"]
[Result "1-0"]
[WhiteElo "1253"]
[BlackElo "1025"]
[PlyCount "53"]
[EventDate "2023.07.25"]
[EventRounds "7"]
[EventCountry "ENG"]

1. e4 c5 2. Nf3 Nc6 3. Bc4 e6 4. Nc3 Nf6 5. d3 Be7 6. d4 cxd4 7. Nxd4 Nxd4 8. Qxd4
O-O 9. e5 d5 10. exf6 Bxf6 11. Qd3 dxc4 12. Qxc4 Bxc3+ 13. Qxc3 e5 14. Qg3 g6 15.
O-O b6 16. Qxe5 Ba6 17. Bh6 f6 18. Qe6+ Kh8 19. Bxf8 Bxf1 20. Be7 Qd4 21. Bxf6+ Qxf6
22. Qxf6+ Kg8 23. Rxf1 Rf8 24. Qxf8+ Kxf8 25. Rd1 Kg7 26. Rd7+ Kh6 27. Rxa7  1-0

[Event "British Chess Championships 2023: U12 Championship"]
[Site "The Venue, De Montfort University, 20 Western Boulevard, Leicester, LE2 7BU"]
[Date "2023.07.28"]
[Round "6"]
[Board "33"]
[White "Gullapelly, Kshetragna"]
[Black "Ho, Magus"]
[Result "0-1"]
[WhiteElo "543"]
[BlackElo "1071"]
[PlyCount "138"]
[EventDate "2023.07.25"]
[EventRounds "7"]
[EventCountry "ENG"]

1. Nf3 d5 2. d4 Nf6 3. Bf4 Bf5 4. e3 c5 5. Nc3 Nc6 6. Bd3 Bxd3 7. Qxd3 c4 8. Qd2
Qb6 9. Na4 Qd8 10. O-O Ne4 11. Qe2 g6 12. Nc3 Nxc3 13. bxc3 Bg7 14. e4 O-O 15. exd5
Qxd5 16. Rad1 Qa5 17. d5 Nd8 18. Qxe7 Qxc3 19. Rd2 b5 20. Be5 Bxe5 21. Qxe5 Qxe5
22. Nxe5 c3 23. Rd3 Re8 24. Re1 f6 25. Rde3 Rxe5 26. Rxe5 fxe5 27. Rxe5 Nf7 28. Re3
Rd8 29. Rxc3 Rxd5 30. h3 Rd4 31. Rc7 Rc4 32. Rxa7 Rxc2 33. Ra8+ Kg7 34. Ra7 Kf6 35.
Rb7 Nd6 36. Rb6 Ke5 37. f4+ Kd5 38. Ra6 b4 39. a3 b3 40. Ra5+ Kd4 41. Ra4+ Nc4 42.
Rb4 Kc3 43. Kf1 Nxa3 44. Ra4 Nc4 45. Ra8 b2 46. Rb8 Rc1+ 47. Kf2 Nd2 48. Rc8+ Nc4
49. Rb8 b1=Q 50. Rxb1 Rxb1 51. g3 Nd6 52. Kf3 h6 53. Kf2 g5 54. Kf3 gxf4 55. gxf4
Rd1 56. Kg4 Rd4 57. h4 Ne8 58. Kf3 Kd3 59. h5 Ng7 60. Kg4 Nxh5 61. Kxh5 Rxf4 62.
Kxh6 Rg4 63. Kh5 Rg1 64. Kh4 Ke4 65. Kh3 Kf3 66. Kh4 Rg2 67. Kh3 Rg3+ 68. Kh4 Rg1
69. Kh5 Kf4  0-1

[Event "British Chess Championships 2023: U12 Championship"]
[Site "The Venue, De Montfort University, 20 Western Boulevard, Leicester, LE2 7BU"]
[Date "2023.07.28"]
[Round "6"]
[Board "34"]
[White "Sun, Bobby"]
[Black "Pannu, Aaron"]
[Result "0-1"]
[WhiteElo "853"]
[BlackElo "1166"]
[PlyCount "78"]
[EventDate "2023.07.25"]
[EventRounds "7"]
[EventCountry "ENG"]

1. e4 e5 2. Nf3 Nc6 3. Nc3 Nf6 4. Bc4 Bc5 5. Nxe5 Nxe5 6. d4 Nxc4 7. dxc5 d6 8. O-O
O-O 9. b3 Ne5 10. Re1 Ng6 11. Bg5 h6 12. Bxf6 Qxf6 13. Nd5 Qg5 14. Nxc7 Bh3 15. Qf3
Rac8 16. Nd5 Be6 17. Rad1 Rxc5 18. c4 Bg4 19. Qg3 Bxd1 20. Rxd1 Qxg3 21. fxg3 Re8
22. Re1 b5 23. Nb4 bxc4 24. bxc4 Rxc4 25. Na6 Rcxe4 26. Rd1 Re1+ 27. Rxe1 Rxe1+ 28.
Kf2 Ra1 29. Nb4 a5 30. g4 axb4 31. g5 Rxa2+ 32. Kg3 hxg5 33. Kg4 b3 34. Kh5 b2 35.
g4 Nf4+ 36. Kxg5 b1=Q 37. h4 Ra5+ 38. Kxf4 Qb4+ 39. Kf3 Ra3+  0-1

[Event "British Chess Championships 2023: U12 Championship"]
[Site "The Venue, De Montfort University, 20 Western Boulevard, Leicester, LE2 7BU"]
[Date "2023.07.29"]
[Round "7"]
[Board "1"]
[White "Steiners, Emils"]
[Black "Vaidyanathan, Adithya"]
[Result "0-1"]
[WhiteElo "1725"]
[BlackElo "1559"]
[PlyCount "0"]
[EventDate "2023.07.25"]
[EventRounds "7"]
[EventCountry "ENG"]

1. d4 Nf6 2. c4 g6 3. Nc3 Bg7 4. e4 d6 5. Be2 O-O 6. Bg5 Nbd7 7. Nf3 h6 8. Be3 e5
9. d5 Nc5 10. Nd2 a5 11. f3 Bd7 12. Qc2 Ne8 13. g4 Qe7 14. O-O-O c6 15. Rhg1 Nc7
16. Bxc5 dxc5 17. a3 Rab8 18. Nb3 cxd5 19. cxd5 a4 20. Nd2 b5 21. Nf1 b4 22. Nb1
Nb5 23. Bxb5 Bxb5 24. Ne3 Rfd8 25. Nc4 Bf6 26. Nbd2 Bg5 27. Qd3 Qb7 28. Qc2 Bf4 29.
Kb1 Qa6 30. Ka1 Bxh2 31. Rge1 Bf4 32. Ne3 Be2 33. Ndc4 Bxd1 34. Rxd1 bxa3 35. bxa3
Rb3 36. Ng2 Bg5 37. Ne1 Rdb8 38. Nd3 Be3 39. Ka2 Bd4 40. d6 Rc3 41. Qxc3 Bxc3  0-1